000 00897cam a2200253 4500
001 WB3718-11
008 000000n2001 000 0 eng u
035 _a(Sirsi) u112519
245 _aCheap needn't mean cheerful
260 _c2001
490 _aSunday Business
_v 6 May 2001, 9(1)
520 _aHousing experts warn that further cuts to UK interest rates could make house buyers more gloomy about the UK economy and make them more cautious about buying and selling property. FPD Savills and Halifax gives their views on the effect of a rate cut on the housing market.
590 _aWB
650 _aHALIFAX
650 _aFPD SAVILLS
650 _aINTEREST RATES
650 _aUNITED KINGDOM
650 _aECONOMY
650 _aDOWNTURN
650 _aHOUSE PRICES
650 _aFORECASTS
690 _aPROPERTY-RESIDENTIAL PROPERTY-RESIDENTIAL PROPERTY MARKET
942 _n0
999 _c66965
_d66965